<?xml version="1.0" encoding="UTF-8"?>
<record
    xmlns:xsi="http://www.w3.org/2001/XMLSchema-instance"
    xsi:schemaLocation="http://www.loc.gov/MARC21/slim http://www.loc.gov/standards/marcxml/schema/MARC21slim.xsd"
    xmlns="http://www.loc.gov/MARC21/slim">

  <leader>01135nam a22002177b 4500</leader>
  <controlfield tag="003">3228</controlfield>
  <controlfield tag="005">20250604125324.0</controlfield>
  <controlfield tag="008">250604b        sa ||||| |||| 00| 1 eng d</controlfield>
  <datafield tag="020" ind1=" " ind2=" ">
    <subfield code="a">9781782097747</subfield>
    <subfield code="q">pbk</subfield>
  </datafield>
  <datafield tag="040" ind1=" " ind2=" ">
    <subfield code="a">RDA</subfield>
    <subfield code="c">3228</subfield>
  </datafield>
  <datafield tag="041" ind1=" " ind2=" ">
    <subfield code="2">E</subfield>
    <subfield code="a">English</subfield>
  </datafield>
  <datafield tag="082" ind1=" " ind2=" ">
    <subfield code="a">EKF ANDE</subfield>
  </datafield>
  <datafield tag="100" ind1=" " ind2=" ">
    <subfield code="a">Andersen, Hans Christian</subfield>
    <subfield code="9">105953</subfield>
  </datafield>
  <datafield tag="245" ind1=" " ind2=" ">
    <subfield code="a">The little matchgirl and other fairy tales /</subfield>
    <subfield code="c">Hans Christian Andersen </subfield>
  </datafield>
  <datafield tag="260" ind1=" " ind2=" ">
    <subfield code="a">Thaxted, Essex :  </subfield>
    <subfield code="b">Miles Kelly,</subfield>
    <subfield code="c">2015.</subfield>
  </datafield>
  <datafield tag="300" ind1=" " ind2=" ">
    <subfield code="a">40 pages :</subfield>
    <subfield code="b">colour illustrations ;</subfield>
    <subfield code="c">29 cm.</subfield>
  </datafield>
  <datafield tag="500" ind1=" " ind2=" ">
    <subfield code="a">This book is a beautifully illustrated collection of classic fairy tales by Hans Christian Andersen, retold for young readers. The main story, The Little Match Girl, follows a poor girl trying to sell matches on a freezing New Year&#x2019;s Eve. As she lights the matches to keep warm, she experiences beautiful visions before peacefully passing away and being taken to heaven by her grandmother.</subfield>
  </datafield>
  <datafield tag="650" ind1=" " ind2=" ">
    <subfield code="2">Fairy tales</subfield>
    <subfield code="a">Denmark</subfield>
    <subfield code="v">Children's stories</subfield>
    <subfield code="x">Visionary experiences</subfield>
    <subfield code="x">Moral education</subfield>
    <subfield code="x">Kindness</subfield>
    <subfield code="x">Classic</subfield>
    <subfield code="9">193952</subfield>
  </datafield>
  <datafield tag="700" ind1=" " ind2=" ">
    <subfield code="a">Andersen, Hans Christian</subfield>
    <subfield code="e">author</subfield>
    <subfield code="9">105953</subfield>
  </datafield>
  <datafield tag="942" ind1=" " ind2=" ">
    <subfield code="2">ddc</subfield>
    <subfield code="c">BOOK</subfield>
    <subfield code="w">395</subfield>
    <subfield code="x">Kholofelo Moabelo</subfield>
    <subfield code="y">395</subfield>
    <subfield code="z">Kholofelo Moabelo</subfield>
  </datafield>
  <datafield tag="999" ind1=" " ind2=" ">
    <subfield code="c">777178</subfield>
    <subfield code="d">777177</subfield>
  </datafield>
  <datafield tag="952" ind1=" " ind2=" ">
    <subfield code="0">0</subfield>
    <subfield code="1">0</subfield>
    <subfield code="2">ddc</subfield>
    <subfield code="4">0</subfield>
    <subfield code="7">0</subfield>
    <subfield code="8">F</subfield>
    <subfield code="a">STANL</subfield>
    <subfield code="b">STANL</subfield>
    <subfield code="c">CHILD</subfield>
    <subfield code="d">2025-06-04</subfield>
    <subfield code="g">160.00</subfield>
    <subfield code="l">0</subfield>
    <subfield code="o">EKF ANDE</subfield>
    <subfield code="p">33228031064172</subfield>
    <subfield code="r">2025-06-04</subfield>
    <subfield code="v">160.00</subfield>
    <subfield code="w">2025-06-04</subfield>
    <subfield code="y">BOOK</subfield>
  </datafield>
</record>
